Romans et auteurs contemporains - Statistiques

Statistiques générales
  • Ce quiz a été pris 116 fois
  • Le résultat moyen est 11 sur 50
Statistiques - réponses
Auteurs Livres Année % Correct
Amélie Nothomb Stupeur et tremblements 1999
77%
Katherine Pancol Les yeux jaunes des crocodiles 2006
57%
Gaël Faye Petit pays 2016
55%
Frédéric Beigbeder 99 francs 2000
51%
Guillaume Musso La vie secrète des écrivains 2019
51%
Marc Lévy Et si c'était vrai 2000
51%
Anna Gavalda Ensemble, c'est tout 2004
50%
Michel Houellebecq Les particules élémentaires 1998
49%
Pierre Lemaitre Au revoir là-haut 2013
43%
Joël Dicker La Vérité sur l'affaire Harry Quebert 2012
42%
Virginie Despentes Vernon Subutex 2015
41%
Daniel Pennac Monsieur Malaussene 1995
33%
Leïla Slimani Chanson douce 2016
33%
David Foenkinos La délicatesse 2009
31%
Fred Vargas Pars vite et reviens tard 2001
28%
Jean-Christophe Grangé Les rivières pourpres 1998
28%
Michel Bussi Un avion sans aile 2012
26%
Éric-Emmanuel Schmitt Odette Toulemonde et autres histoires 2006
21%
Jonathan Littel Les bienveillantes 2006
20%
Yann Moix Podium 2002
19%
Jean-Christophe Rufin Rouge Brésil 2001
18%
Valérie Perrin Changer l'eau des fleurs 2018
18%
Delphine De Vigan Rien ne s'oppose à la nuit 2011
17%
Stieg Larsson Les Hommes qui n'aimaient pas les femmes 2005
17%
Tatiana De Rosnay Elle s'appelait Sarah 2007
17%
Virginie Grimaldi Le premier jour du reste de ma vie 2015
16%
Alexandre Jardin L'île des gauchers 1995
14%
Philippe Grimbert Un secret 2004
14%
Aurélie Valognes Mémé dans les orties 2014
13%
Gilles Legardinier Demain j'arrête ! 2011
13%
Bernard Minier Glacé 2011
12%
Donna Tartt Le chardonneret 2013
12%
Marie Darrieussecq Truismes 1996
12%
Philippe Claudel Les âmes grises 2003
12%
Laurent Gaudé La mort du roi Tsongor 2002
10%
Martin Winckler La maladie de Sachs 1998
10%
Jonathan Coe Testament à l'anglaise 1994
8%
Jean-Paul Dubois Une vie française 2004
7%
Jonas Jonasson Le vieux qui ne voulait pas fêter son anniversaire 2009
7%
Maxime Chattam Que ta volonté soit faite 2015
7%
Raphaëlle Giordano Ta deuxième vie commence quand tu comprends que tu n'en as qu'une 2015
7%
Karine Giébel Purgatoire des innocents 2013
5%
Romain Puertolas L'extraordinaire voyage du fakir qui était resté coincé dans une armoire Ikea 2013
4%
Florian Zeller La fascination du pire 2004
3%
Salman Rushdie Le dernier soupir du Maure 1995
3%
Kate Atkinson La souris bleue 2004
2%
Pascal Bruckner Les voleurs de beauté 1997
1%
Antoine Bello Les falsificateurs 2007
0%
Nicolas Lebel Le jour des morts 2014
0%
Philippe Jaenada Le chameau sauvage 1997
0%
Aucun quiz correspondant
Distribution des résultats
% des personnes avec chaque résultat
Percentile par nombre de réponses
Votre historique - résultats
Vous n’avez pas pris ce quiz